[Event "ch-CHN Women 2020"]
[Site "Xinghua CHN"]
[Date "2020.12.27"]
[Round "8.3"]
[White "Ni, Shiqun"]
[Black "Gu, Xiaobing"]
[Result "1-0"]
[WhiteTitle "WGM"]
[BlackTitle "WGM"]
[WhiteElo "2389"]
[BlackElo "2263"]
[WhiteFideId "8608466"]
[BlackFideId "8602611"]
[EventDate "2020.12.19"]

1. e4 c5 2. Nf3 d6 3. Bb5+ Nc6 4. O-O Bd7 5. Re1 Nf6 6. h3 Ne5 7. Bxd7+ Qxd7 8.
b3 O-O-O 9. Nxe5 dxe5 10. Bb2 Qc7 11. d3 Rg8 12. Qf3 e6 13. Na3 Bd6 14. Nb5 Qb6
15. Nxd6+ Qxd6 16. a3 Nd7 17. b4 f6 18. bxc5 Nxc5 19. a4 Kb8 20. Reb1 Rc8 21.
Ba3 Qd4 22. Bb4 Rgd8 23. Ra2 Rc6 24. a5 Rdc8 25. Bd2 R8c7 26. Rab2 Qd8 27. Be3
Na4 28. Rb4 Nc3 29. R1b2 Rd7 30. Qh5 g6 31. Qf3 Rf7 32. d4 f5 33. dxe5 f4 34.
Bd4 Nb5 35. Qb3 a6 36. c4 Qxd4 37. cxb5 Rc1+ 38. Kh2 Qxe5 39. bxa6 f3+ 40. g3 1-0

[Event "ch-CHN Women 2020"]
[Site "Xinghua CHN"]
[Date "2020.12.27"]
[Round "8.4"]
[White "Zhai, Mo"]
[Black "Ning, Kaiyu"]
[Result "1-0"]
[WhiteTitle "WGM"]
[BlackTitle "WIM"]
[WhiteElo "2366"]
[BlackElo "2327"]
[WhiteFideId "8600201"]
[BlackFideId "8614750"]
[EventDate "2020.12.19"]

1. Nf3 d5 2. g3 g6 3. Bg2 Bg7 4. O-O e5 5. d3 Ne7 6. c4 dxc4 7. dxc4 Qxd1 8.
Rxd1 c6 9. Nc3 f5 10. e4 fxe4 11. Nxe4 O-O 12. b3 Bf5 13. Nh4 Bxe4 14. Bxe4 Nf5
15. Bxf5 gxf5 16. Ba3 Na6 17. Bxf8 Rxf8 18. b4 Nxb4 19. Rd7 b6 20. Rb1 c5 21.
Rbd1 f4 22. Rxa7 fxg3 23. hxg3 e4 24. g4 Nc6 25. Rb7 Rf4 26. Nf5 Bd4 27. Rxb6
Ne5 28. Rb8+ Kf7 29. Rdb1 Rxg4+ 30. Kf1 Rf4 31. R1b7+ Ke6 32. Ng7+ Kd6 33. Ne8+
Ke6 34. Nc7+ Kf5 35. Rf8+ Kg4 36. Rxf4+ Kxf4 37. Ne6+ Kf5 38. Nxd4+ cxd4 39. c5
h5 40. a4 Nc6 41. Rc7 Na5 42. c6 Ke6 43. Rc8 Nc4 44. Rd8 1-0

[Event "ch-CHN Women 2020"]
[Site "Xinghua CHN"]
[Date "2020.12.27"]
[Round "8.5"]
[White "Yuan, Ye"]
[Black "Li, Xueyi"]
[Result "1/2-1/2"]
[BlackTitle "WGM"]
[WhiteElo "2081"]
[BlackElo "2328"]
[WhiteFideId "8608415"]
[BlackFideId "8605912"]
[EventDate "2020.12.19"]

1. d4 d5 2. Bf4 Nf6 3. e3 c5 4. dxc5 Nc6 5. Nf3 e6 6. Be2 Bxc5 7. O-O O-O 8. c4
h6 9. Nc3 a6 10. cxd5 exd5 11. Rc1 Be6 12. Na4 Ba7 13. Ne5 d4 14. Nxc6 bxc6 15.
exd4 Qxd4 16. Qxd4 Bxd4 17. Bf3 Bxa2 18. Bxc6 Rac8 19. Bd6 Rfd8 20. Be7 Ng4 21.
Bxd8 Rxd8 22. Bb7 Rd6 23. h3 Ne5 24. Kh2 g5 25. Be4 Bc4 26. Rfd1 Bb3 27. Bc2
Ng4+ 28. hxg4 Bxc2 29. Rxc2 Be5+ 30. f4 Bxf4+ 31. g3 Bxg3+ 32. Kxg3 Rxd1 33. Nc5
a5 34. b3 Rd5 35. Kf3 f5 36. gxf5 Rxf5+ 37. Ke4 Rf1 38. Ra2 g4 39. Rxa5 g3 40.
Ra2 h5 41. Ke3 h4 42. Ne4 Rb1 43. Nxg3 1/2-1/2

[Event "ch-CHN Women 2020"]
[Site "Xinghua CHN"]
[Date "2020.12.27"]
[Round "8.6"]
[White "Yan, Tianqi"]
[Black "Hu, Yu A."]
[Result "1-0"]
[WhiteElo "2207"]
[BlackElo "2094"]
[WhiteFideId "8615250"]
[BlackFideId "8609993"]
[EventDate "2020.12.19"]

1. e4 c5 2. Nf3 Nc6 3. d4 cxd4 4. Nxd4 Nf6 5. Nc3 e6 6. g3 a6 7. Bg2 Qc7 8. O-O
Nxd4 9. Qxd4 Bc5 10. Bf4 d6 11. Qd2 h6 12. Rad1 e5 13. Be3 Be6 14. Bxc5 dxc5 15.
Nd5 Bxd5 16. exd5 Qd6 17. c4 O-O 18. Rfe1 Rfe8 19. Re2 b5 20. Qd3 Rab8 21. b3
bxc4 22. Qxc4 Rb4 23. Qc2 Rd8 24. Rc1 Rc8 25. Rce1 Nd7 26. Bh3 Rd4 27. Bxd7 Qxd7
28. Rxe5 Rxd5 29. Qc4 Rxe5 30. Rxe5 Qd6 31. Rf5 Rc7 32. Rd5 Qe7 33. Qxa6 c4 34.
bxc4 Qe1+ 35. Kg2 Qe4+ 36. Kh3 Rxc4 37. Re5 Qg4+ 38. Kg2 Rc2 39. Qd3 Rc8 40. Rd5
Qe6 41. Rd8+ Rxd8 42. Qxd8+ Kh7 43. Qa8 f5 44. a4 Qc4 45. a5 f4 46. a6 f3+ 47.
Kxf3 Qf1 48. Qe4+ Kh8 49. Qe8+ Kh7 50. a7 Qd3+ 51. Qe3 Qf5+ 52. Kg2 1-0

[Event "ch-CHN Women 2020"]
[Site "Xinghua CHN"]
[Date "2020.12.28"]
[Round "9.1"]
[White "Hu, Yu A."]
[Black "Guo, Qi"]
[Result "0-1"]
[BlackTitle "IM"]
[WhiteElo "2094"]
[BlackElo "2418"]
[WhiteFideId "8609993"]
[BlackFideId "8604002"]
[EventDate "2020.12.19"]

1. e4 e6 2. d4 d5 3. Nd2 Be7 4. Ngf3 Nf6 5. Bd3 c5 6. c3 cxd4 7. cxd4 dxe4 8.
Nxe4 Nbd7 9. Nc3 O-O 10. O-O b6 11. Ne5 Bb7 12. Qe2 a6 13. Bg5 b5 14. Rfd1 Nd5
15. Bxe7 Qxe7 16. Qh5 f5 17. Nxd5 Bxd5 18. Be2 Rac8 19. Bf3 Nf6 20. Qg5 Rc2 21.
Bxd5 Nxd5 22. Qxe7 Nxe7 23. Nd7 Rd8 24. Nc5 Rd6 25. b4 Nd5 26. a3 Nc3 27. Rd3
Rxd4 28. Rxd4 Ne2+ 29. Kf1 Nxd4 30. Nxa6 e5 31. Nc5 Kf7 32. Re1 e4 33. Rd1 Ne6
34. Rd7+ Ke8 35. Rd5 Rc1+ 0-1

[Event "ch-CHN Women 2020"]
[Site "Xinghua CHN"]
[Date "2020.12.28"]
[Round "9.2"]
[White "Li, Xueyi"]
[Black "Yan, Tianqi"]
[Result "1-0"]
[WhiteTitle "WGM"]
[WhiteElo "2328"]
[BlackElo "2207"]
[WhiteFideId "8605912"]
[BlackFideId "8615250"]
[EventDate "2020.12.19"]

1. d4 d5 2. c4 e6 3. g3 Nf6 4. Bg2 Bb4+ 5. Bd2 Be7 6. Nf3 O-O 7. O-O c6 8. Qc2
b6 9. Ne5 Bb7 10. Rd1 Nbd7 11. Bf4 Rc8 12. Nc3 c5 13. cxd5 exd5 14. Qa4 cxd4 15.
Nxd7 Nxd7 16. Nxd5 Bxd5 17. Bxd5 Bf6 18. Qxa7 Rc2 19. Bf3 Ne5 20. Bxe5 Bxe5 21.
Rab1 Qc7 22. Qxc7 Rxc7 23. a4 Ra7 24. b3 Rc8 25. Bg4 Rb8 26. Rbc1 Kf8 27. Rc6
Ke7 28. Rdc1 g6 29. R1c4 h5 30. Bf3 f6 31. Be4 g5 32. Rb4 Rab7 33. h3 b5 34. Ra6
Rb6 35. Rxb6 Rxb6 36. a5 d3 37. Bxd3 Bc3 38. Re4+ Re6 39. Rxe6+ Kxe6 40. a6 Bd4
41. Bxb5 h4 42. Kg2 Ke5 43. Kf3 f5 44. e3 Bb6 45. g4 Ba7 46. Bd3 fxg4+ 47. Kxg4
Kf6 48. f4 gxf4 49. exf4 1-0

[Event "ch-CHN Women 2020"]
[Site "Xinghua CHN"]
[Date "2020.12.28"]
[Round "9.3"]
[White "Ning, Kaiyu"]
[Black "Yuan, Ye"]
[Result "1/2-1/2"]
[WhiteTitle "WIM"]
[WhiteElo "2327"]
[BlackElo "2081"]
[WhiteFideId "8614750"]
[BlackFideId "8608415"]
[EventDate "2020.12.19"]

1. d4 d5 2. c4 e6 3. Nf3 c6 4. Nbd2 Nf6 5. g3 Nbd7 6. Bg2 Bd6 7. O-O O-O 8. Qc2
Re8 9. Re1 e5 10. cxd5 cxd5 11. dxe5 Nxe5 12. Nxe5 Rxe5 13. Nf3 Re8 14. Qb3 h6
15. Be3 Qe7 16. Bd4 Be6 17. Bxf6 Qxf6 18. Qxb7 Reb8 19. Qc6 Bb4 20. Reb1 Rc8 21.
Qa6 Bc5 22. e3 Rab8 23. b3 Rb6 24. Qe2 Rbc6 25. Rd1 Bb6 26. Ne1 Ba5 27. e4 dxe4
28. Bxe4 Rc3 29. Rab1 Bb6 30. Rd3 R3c7 31. Kg2 Re7 32. Qf3 Qe5 33. Rd2 h5 34.
Re2 Bg4 35. Bh7+ Kxh7 36. Rxe5 Bxf3+ 37. Nxf3 Rxe5 38. Nxe5 Rc2 39. a4 1/2-1/2

[Event "ch-CHN Women 2020"]
[Site "Xinghua CHN"]
[Date "2020.12.28"]
[Round "9.4"]
[White "Gu, Xiaobing"]
[Black "Zhai, Mo"]
[Result "0-1"]
[WhiteTitle "WGM"]
[BlackTitle "WGM"]
[WhiteElo "2263"]
[BlackElo "2366"]
[WhiteFideId "8602611"]
[BlackFideId "8600201"]
[EventDate "2020.12.19"]

1. e4 Nf6 2. e5 Nd5 3. d4 d6 4. c4 Nb6 5. Nf3 g6 6. Be3 Bg7 7. exd6 cxd6 8. Nc3
O-O 9. Rc1 Bg4 10. Be2 d5 11. b3 Nc6 12. c5 Nc8 13. O-O e6 14. Qd2 N8e7 15. Nh4
Nc8 16. Bg5 Bf6 17. f4 Bxe2 18. Nxe2 a5 19. Rc3 a4 20. Rh3 axb3 21. axb3 Ra3 22.
Nf3 Rxb3 23. Qe1 h5 24. Ng3 Bxg5 25. fxg5 Qa5 26. Nxh5 gxh5 27. Qh4 Rxf3 28.
Rhxf3 Qd2 29. Rf4 Qe2 30. g6 f5 31. g4 Kg7 32. gxf5 exf5 33. Rxf5 Rxf5 34. Rxf5
Qd1+ 35. Kg2 Qc2+ 36. Qf2 Qe4+ 37. Qf3 Qxf3+ 38. Rxf3 N8e7 39. Rb3 Nd8 40. Rb6
Nec6 41. Kg3 Kxg6 42. Kf4 Kf6 43. Ke3 Kf5 44. Rb2 Kg4 45. Rg2+ Kh4 46. Rg7 Nxd4
47. Rd7 N8c6 48. Rxd5 Ne6 49. Ke4 Kg4 50. h3+ Kh4 51. Rf5 Ng5+ 52. Ke3 Nxh3 53.
Kd3 Kg4 54. Rf8 Ng5 55. Kc4 h4 56. Kb5 h3 57. Kb6 h2 58. Rf1 Nd8 59. Rd1 Kg3 60.
Kc7 Nge6+ 61. Kc8 Kf3 62. Rd3+ Kg2 63. Rd2+ Kg3 64. Rd3+ Kg4 65. Rd1 Nxc5 66.
Kxd8 b5 67. Kc7 b4 68. Kc6 Ne4 69. Re1 Kf3 70. Kb5 b3 71. Kb4 b2 72. Ka3 Nf2 73.
Kb3 Nd3 74. Rd1 Kg2 0-1

[Event "ch-CHN Women 2020"]
[Site "Xinghua CHN"]
[Date "2020.12.28"]
[Round "9.5"]
[White "Tan, Zhongyi"]
[Black "Ni, Shiqun"]
[Result "1-0"]
[WhiteTitle "GM"]
[BlackTitle "WGM"]
[WhiteElo "2510"]
[BlackElo "2389"]
[WhiteFideId "8603642"]
[BlackFideId "8608466"]
[EventDate "2020.12.19"]

1. c4 c6 2. e4 d5 3. exd5 cxd5 4. d4 Nf6 5. Nc3 g6 6. Qb3 e6 7. Nf3 Nc6 8. c5
Bg7 9. Bb5 O-O 10. O-O Ne4 11. Rd1 Bd7 12. Bf4 Nxc3 13. bxc3 Na5 14. Qa4 Bxb5
15. Qxb5 Re8 16. Ne5 Re7 17. Ng4 Rd7 18. h4 Nc6 19. Bg5 f6 20. Bf4 h5 21. Ne3
Kf7 22. Rab1 Bf8 23. Rb3 Rc8 24. Qe2 Na5 25. Rb5 b6 26. Re1 Rc6 27. g4 hxg4 28.
Rxa5 bxa5 29. Nxg4 Rb7 30. Qf3 Be7 31. h5 Qh8 32. Bg3 Kg7 33. Ne5 Rc8 34. Nxg6
Qg8 35. Nf4 Kf7 36. Nxe6 Rd7 37. Qf5 1-0

[Event "ch-CHN Women 2020"]
[Site "Xinghua CHN"]
[Date "2020.12.28"]
[Round "9.6"]
[White "Xiao, Yiyi"]
[Black "Song, Yuxin"]
[Result "0-1"]
[WhiteTitle "WGM"]
[BlackTitle "WIM"]
[WhiteElo "2301"]
[BlackElo "2290"]
[WhiteFideId "8606161"]
[BlackFideId "8614300"]
[EventDate "2020.12.19"]

1. Nf3 d5 2. g3 Bg4 3. Bg2 Nd7 4. c4 e6 5. b3 Ngf6 6. Bb2 c6 7. O-O Be7 8. d3
Qc7 9. Qc2 Bd6 10. Nbd2 e5 11. h3 Be6 12. cxd5 cxd5 13. Qxc7 Bxc7 14. Ba3 h6 15.
Rac1 Rc8 16. e4 Kd8 17. exd5 Bxd5 18. Nc4 Re8 19. Ne3 Bxf3 20. Bxf3 e4 21. dxe4
Nxe4 22. Rfd1 Bb6 23. Rxc8+ Kxc8 24. Nc4 Bc7 25. Kg2 Ndf6 26. Bb2 g6 27. a4 Nd7
28. a5 Re6 29. b4 a6 30. Bd4 f5 31. Ne3 Ndf6 32. Rc1 Kb8 33. Rc2 Be5 34. Bb6 Nd7
35. Nd5 Nxb6 36. Nxb6 Bc7 37. Na4 Bd6 38. Rb2 Be7 39. Nb6 Bd8 40. Nd5 Re5 41.
Ne3 Bc7 42. Nc4 Re6 43. g4 f4 44. b5 axb5 45. Rxb5 Ka7 46. Rb4 Nc5 47. Rb5 Ne4
48. Nb2 Ka6 49. Be2 f3+ 50. Kxf3 Nd2+ 0-1

[Event "ch-CHN Women 2020"]
[Site "Xinghua CHN"]
[Date "2020.12.29"]
[Round "10.1"]
[White "Guo, Qi"]
[Black "Song, Yuxin"]
[Result "1-0"]
[WhiteTitle "IM"]
[BlackTitle "WIM"]
[WhiteElo "2418"]
[BlackElo "2290"]
[WhiteFideId "8604002"]
[BlackFideId "8614300"]
[EventDate "2020.12.19"]

1. d4 Nf6 2. c4 e6 3. Nf3 d5 4. Nc3 Nbd7 5. Bf4 dxc4 6. e3 Nd5 7. Bxc4 Nxf4 8.
exf4 Nb6 9. Bb3 Bd6 10. Ne5 Bd7 11. O-O O-O 12. Qh5 Qf6 13. Bc2 g6 14. Qf3 Bc6
15. Be4 Bxe4 16. Nxe4 Qe7 17. g3 Rad8 18. h4 f5 19. Nxd6 cxd6 20. Qa3 Nc8 21.
Nf3 d5 22. Rfe1 Qxa3 23. bxa3 Rfe8 24. Ng5 Rd6 25. Rac1 h6 26. Nxe6 Rdxe6 27.
Rxe6 Rxe6 28. Rxc8+ Kf7 29. Rd8 h5 30. Rxd5 Ra6 31. Rd7+ Ke6 32. Rg7 Kd5 33.
Rxb7 Rxa3 34. Rg7 Ra6 35. Kg2 Kxd4 36. a4 Kc5 37. f3 Kb4 38. g4 Kxa4 39. gxf5
gxf5 40. Rf7 Rg6+ 41. Kf2 a5 42. Rxf5 Rh6 43. Re5 Kb4 44. f5 a4 45. Re6 Rh8 46.
Kg3 Ra8 47. Kf4 a3 48. Re1 a2 49. Ra1 Kb3 50. f6 Kb2 51. Re1 a1=Q 52. Rxa1 Kxa1
53. Kg5 Kb2 54. Kxh5 Rh8+ 55. Kg5 Kc3 56. f7 Kd4 57. Kg6 Ke3 58. h5 Kf4 59. h6
Ke5 60. Kg7 Ke6 61. f8=Q 1-0

[Event "ch-CHN Women 2020"]
[Site "Xinghua CHN"]
[Date "2020.12.29"]
[Round "10.2"]
[White "Ni, Shiqun"]
[Black "Xiao, Yiyi"]
[Result "1/2-1/2"]
[WhiteTitle "WGM"]
[BlackTitle "WGM"]
[WhiteElo "2389"]
[BlackElo "2301"]
[WhiteFideId "8608466"]
[BlackFideId "8606161"]
[EventDate "2020.12.19"]

1. d4 d5 2. Nf3 Nf6 3. g3 c6 4. Bg2 Bf5 5. O-O h6 6. Nbd2 e6 7. Re1 Be7 8. Ne5
Nbd7 9. Nxd7 Qxd7 10. c3 O-O 11. e4 dxe4 12. Nxe4 Bxe4 13. Bxe4 Nxe4 14. Rxe4 c5
15. Qe2 cxd4 16. Rxd4 Qc6 17. Bf4 Rad8 18. Rad1 Rxd4 19. Rxd4 Rd8 20. Rxd8+ Bxd8
21. Qd2 Bb6 22. Be3 Bxe3 23. Qxe3 a6 24. b3 f6 25. c4 Kf7 26. h4 h5 27. Qd3 e5
28. Kf1 b5 29. Ke2 bxc4 30. bxc4 Ke6 31. Ke3 Qb6+ 32. Kf3 Qd6 33. Qh7 Qc6+ 34.
Ke3 Qc5+ 35. Kf3 Qc6+ 36. Ke3 Qc5+ 1/2-1/2

[Event "ch-CHN Women 2020"]
[Site "Xinghua CHN"]
[Date "2020.12.29"]
[Round "10.3"]
[White "Zhai, Mo"]
[Black "Tan, Zhongyi"]
[Result "1/2-1/2"]
[WhiteTitle "WGM"]
[BlackTitle "GM"]
[WhiteElo "2366"]
[BlackElo "2510"]
[WhiteFideId "8600201"]
[BlackFideId "8603642"]
[EventDate "2020.12.19"]

1. Nf3 d5 2. g3 g6 3. Bg2 Bg7 4. d4 Nf6 5. O-O O-O 6. c3 b6 7. c4 c6 8. Ne5 Bb7
9. Nc3 e6 10. a4 Nfd7 11. cxd5 Nxe5 12. dxe5 exd5 13. f4 Na6 14. Be3 Qe7 15. Bf2
Rfd8 16. Qb3 Nc5 17. Qc2 a5 18. Rfd1 Ba6 19. e4 dxe4 20. Nxe4 Bd3 21. Rxd3 Nxd3
22. Bxb6 Rdb8 23. Bd4 Nb4 24. Qc4 Rd8 25. Rc1 Qd7 26. Nd6 Qc7 27. Bc5 Bf8 28.
Qd4 Rab8 29. Bf1 Nd5 30. Bg2 Nb4 31. Bf1 Nd5 32. Bg2 Nb4 33. Bf1 1/2-1/2

[Event "ch-CHN Women 2020"]
[Site "Xinghua CHN"]
[Date "2020.12.29"]
[Round "10.5"]
[White "Yan, Tianqi"]
[Black "Ning, Kaiyu"]
[Result "0-1"]
[BlackTitle "WIM"]
[WhiteElo "2207"]
[BlackElo "2327"]
[WhiteFideId "8615250"]
[BlackFideId "8614750"]
[EventDate "2020.12.19"]

1. e4 e6 2. d4 d5 3. Nd2 Be7 4. c3 c5 5. Ngf3 cxd4 6. Nxd4 dxe4 7. Nxe4 Nf6 8.
Bd3 O-O 9. O-O Nbd7 10. Qe2 Nxe4 11. Bxe4 Nf6 12. Bc2 h6 13. Bf4 Bd6 14. Bxd6
Qxd6 15. Rfd1 Qc5 16. Qf3 Bd7 17. a4 a5 18. Rab1 e5 19. Nf5 Bxf5 20. Qxf5 Ra6
21. Re1 Re8 22. Bd3 Rae6 23. Rbd1 g6 24. Qh3 e4 25. Be2 e3 26. f3 Kg7 27. Qh4
Qb6 28. b4 Rc8 29. bxa5 Qxa5 30. Qb4 Qe5 31. Qxb7 Rxc3 32. Qb4 Rc5 33. Rd8 Qc7
34. Rb8 Re7 35. Rb7 Qd6 36. Rxe7 Qxe7 37. a5 Qc7 38. a6 Rh5 39. g3 Rg5 40. f4
Ra5 41. Qd4 Ra3 42. Bd3 Qa5 43. Rxe3 Qd2 44. a7 Qd1+ 45. Kg2 Ra2+ 46. Re2 Rxe2+
47. Bxe2 Qxd4 48. a8=Q Ne4 49. Kh3 Qe3 50. Bc4 Qf3 51. Qc8 Nf2+ 52. Kh4 Qh5# 0-1

[Event "ch-CHN Women 2020"]
[Site "Xinghua CHN"]
[Date "2020.12.29"]
[Round "10.6"]
[White "Hu, Yu A."]
[Black "Li, Xueyi"]
[Result "1-0"]
[BlackTitle "WGM"]
[WhiteElo "2094"]
[BlackElo "2328"]
[WhiteFideId "8609993"]
[BlackFideId "8605912"]
[EventDate "2020.12.19"]

1. e4 c6 2. d4 d5 3. e5 Bf5 4. Nf3 e6 5. Be2 c5 6. Be3 Nd7 7. c4 cxd4 8. Nxd4
Bxb1 9. Rxb1 Bb4+ 10. Kf1 Ne7 11. Qb3 Bc5 12. Qxb7 O-O 13. g3 Bb6 14. Qa6 Nxe5
15. c5 Bc7 16. b4 N5g6 17. f4 e5 18. fxe5 Bxe5 19. Kg2 Bxd4 20. Bxd4 Nf5 21.
Rhd1 Qg5 22. Kh1 h5 23. Bf2 h4 24. Qd3 Rae8 25. Qf3 hxg3 26. hxg3 d4 27. Rb3 d3
28. Bxd3 Ne3 29. Re1 Ng4 30. Kg1 Nxf2 31. Qxf2 Rxe1+ 32. Qxe1 Ne5 33. Bc2 Ng4
34. Qe2 Nf6 35. Qe3 Qd5 36. Qd3 Qe5 37. Qe3 Qa1+ 38. Bb1 Re8 39. Qf2 Qe5 40. Rf3
Qe1+ 41. Qxe1 Rxe1+ 42. Rf1 Re3 43. Rc1 g6 44. c6 Nd5 45. Kf2 Re7 46. b5 Kf8 47.
Rc5 Nb6 48. a4 Ke8 49. a5 Nc8 50. Rd5 Rc7 51. Ke3 a6 52. b6 Nxb6 53. axb6 Rxc6
54. b7 Rb6 55. Re5+ Kd7 56. Be4 f6 57. Rd5+ Kc7 58. Rc5+ 1-0

[Event "ch-CHN Women 2020"]
[Site "Xinghua CHN"]
[Date "2020.12.30"]
[Round "11.1"]
[White "Li, Xueyi"]
[Black "Guo, Qi"]
[Result "0-1"]
[WhiteTitle "WGM"]
[BlackTitle "IM"]
[WhiteElo "2328"]
[BlackElo "2418"]
[WhiteFideId "8605912"]
[BlackFideId "8604002"]
[EventDate "2020.12.19"]

1. d4 Nf6 2. c4 e6 3. g3 d5 4. Bg2 dxc4 5. Nf3 c5 6. O-O Nc6 7. Na3 cxd4 8. Nxc4
Bc5 9. a3 a5 10. Bf4 O-O 11. Rc1 Nd5 12. Nce5 Ba7 13. Nxc6 bxc6 14. Rxc6 Nxf4
15. gxf4 Bb7 16. Rc4 Bd5 17. Rc1 Qf6 18. Qd2 Rad8 19. Rfd1 Bb3 20. Rf1 Bb8 21.
Qxa5 Bxf4 22. Rc5 Bd5 23. Rd1 Qg6 24. Kh1 Qh6 25. h3 g5 26. Kg1 f5 27. Nxd4 Bxg2
28. Kxg2 g4 29. h4 Bd6 30. Nxf5 Qf4 31. Nxd6 Qxf2+ 32. Kh1 Qxh4+ 33. Kg1 Qg3+
34. Kh1 Qh3+ 35. Kg1 h6 36. Rh5 Qe3+ 37. Kh1 Rxd6 38. Ra1 Qxe2 0-1

[Event "ch-CHN Women 2020"]
[Site "Xinghua CHN"]
[Date "2020.12.30"]
[Round "11.2"]
[White "Ning, Kaiyu"]
[Black "Hu, Yu A."]
[Result "1-0"]
[WhiteTitle "WIM"]
[WhiteElo "2327"]
[BlackElo "2094"]
[WhiteFideId "8614750"]
[BlackFideId "8609993"]
[EventDate "2020.12.19"]

1. c4 Nf6 2. Nc3 g6 3. d4 Bg7 4. e4 d6 5. h3 O-O 6. Nf3 Nbd7 7. Be3 e5 8. d5 Nh5
9. Nd2 Qe8 10. Nb5 Qd8 11. g3 a6 12. Nc3 f5 13. exf5 gxf5 14. Qxh5 f4 15. O-O-O
fxe3 16. fxe3 Nf6 17. Qh4 Bf5 18. g4 Bg6 19. Qg3 c6 20. g5 Nh5 21. Qh4 Rc8 22.
Be2 Qe8 23. Nde4 Bxe4 24. Nxe4 Nf4 25. exf4 Rxf4 26. Bg4 cxd5 27. Nf6+ Bxf6 28.
gxf6 Rcxc4+ 29. Kb1 Qg6+ 30. Ka1 Rc2 31. Rhg1 Rfc4 32. Be6+ 1-0

[Event "ch-CHN Women 2020"]
[Site "Xinghua CHN"]
[Date "2020.12.30"]
[Round "11.4"]
[White "Tan, Zhongyi"]
[Black "Yuan, Ye"]
[Result "1-0"]
[WhiteTitle "GM"]
[WhiteElo "2510"]
[BlackElo "2081"]
[WhiteFideId "8603642"]
[BlackFideId "8608415"]
[EventDate "2020.12.19"]

1. e4 c5 2. Nf3 e6 3. c3 d5 4. e5 Nc6 5. d4 Qb6 6. a3 c4 7. g3 Na5 8. Nbd2 Bd7
9. h4 h6 10. Bh3 Ne7 11. O-O O-O-O 12. h5 Kb8 13. Nh4 Nc8 14. f4 Be7 15. Ng2 g6
16. Ne3 Rhg8 17. Kh2 Rg7 18. Rg1 Qc7 19. Rb1 Nb6 20. Qe2 Rdg8 21. Ng4 gxh5 22.
Nf6 Bxf6 23. exf6 Rg6 24. Nf3 Rxf6 25. f5 Ka8 26. Bf4 Qd8 27. Be5 Rxf5 28. Bxf5
exf5 29. Qd2 f4 30. Qxf4 Qe8 31. Rbe1 Qe6 32. Rg2 Nc6 33. Bc7 Qh3+ 34. Kg1 Bf5
35. Rh2 Qg4 36. Qxg4 Bxg4 37. Ne5 Nxe5 38. Rxe5 f6 39. Re3 Nd7 40. Re7 b6 41.
Kf2 Kb7 42. Bf4 Kc6 43. Rh1 Kb5 44. Rh4 Kc6 45. a4 a5 46. Rh1 b5 47. axb5+ Kxb5
48. Ra1 Nb6 49. Bc7 Bh3 50. Rh1 Bg4 51. Bxb6 Kxb6 52. Rf7 f5 53. Re1 1-0

[Event "ch-CHN Women 2020"]
[Site "Xinghua CHN"]
[Date "2020.12.30"]
[Round "11.5"]
[White "Xiao, Yiyi"]
[Black "Zhai, Mo"]
[Result "0-1"]
[WhiteTitle "WGM"]
[BlackTitle "WGM"]
[WhiteElo "2301"]
[BlackElo "2366"]
[WhiteFideId "8606161"]
[BlackFideId "8600201"]
[EventDate "2020.12.19"]

1. d4 Nf6 2. c4 e6 3. Nf3 Bb4+ 4. Nbd2 O-O 5. g3 d5 6. Qc2 c5 7. dxc5 e5 8. cxd5
Qxd5 9. a3 Bxc5 10. e4 Qc6 11. Bd3 Bh3 12. Nxe5 Qc7 13. Nb3 Qxe5 14. Qxc5 Nbd7
15. Qxe5 Nxe5 16. Be2 Bg2 17. Rg1 Bxe4 18. Be3 Rfd8 19. Nd2 Nd3+ 20. Bxd3 Bxd3
21. f3 Rac8 22. Kf2 Rc2 23. Rge1 Rxb2 24. Kg1 Nd5 25. Rad1 Nxe3 26. Rxe3 Bb5 0-1

[Event "ch-CHN Women 2020"]
[Site "Xinghua CHN"]
[Date "2020.12.30"]
[Round "11.6"]
[White "Song, Yuxin"]
[Black "Ni, Shiqun"]
[Result "1/2-1/2"]
[WhiteTitle "WIM"]
[BlackTitle "WGM"]
[WhiteElo "2290"]
[BlackElo "2389"]
[WhiteFideId "8614300"]
[BlackFideId "8608466"]
[EventDate "2020.12.19"]

1. e4 e5 2. Nf3 Nf6 3. d4 Nxe4 4. Bd3 Nc6 5. Bxe4 d5 6. Nxe5 Nxe5 7. dxe5 dxe4
8. Qxd8+ Kxd8 9. Nc3 Bb4 10. Bg5+ Ke8 11. O-O-O Bg4 12. Rd4 Bxc3 13. bxc3 h6 14.
Rxe4 Bh3 15. gxh3 hxg5 16. Rg1 Rxh3 17. Rxg5 Kf8 18. Reg4 Re8 19. f4 g6 20. f5
Rxe5 21. fxg6 Rxg5 22. Rxg5 fxg6 23. Rxg6 Rxh2 24. Kb2 Ke7 25. Rg7+ Kd6 26. Rg6+
Kc5 27. Kb3 Rf2 28. Rh6 Rg2 29. Rf6 Rh2 30. Rg6 Rf2 1/2-1/2